| LEADER |
00979nam0a2200205 450 |
| 001 |
16866215 |
| 010 |
|
|
|a 978-2-226-48491-8
|b cart.
|d 10,9
|
| 100 |
|
|
|a 20230622d2023 u u0frey01 ba
|
| 101 |
1 |
|
|a fre
|c fre
|
| 102 |
|
|
|a FR
|
| 200 |
0 |
|
|a effroyable surprise (Une)
|f texte et illustrations de Barbara Cantini
|g traduit de l'italien par Béatrice Didiot
|
| 207 |
|
1 |
|a
|
| 215 |
|
|
|a 1 vol. (48 p.-2 dépl.)
|c illustrations en couleur
|d 22 x 15 cm
|
| 330 |
|
|
|a En fouillant dans son grenier, Mortina trouve une carte postale envoyée par ses parents il y a bien longtemps. Depuis, ils ont mystérieusement disparu au cours d'un long voyage. Aidée par Mesto, Dilber et tous ses amis, Mortina se lance à leur recherche. Electre 2024
|
| 461 |
|
0 |
|t Mortina
|
| 700 |
|
0 |
|a Cantini
|b Barbara
|4 70
|
| 702 |
|
0 |
|a Didiot
|b Béatrice
|4 730
|
| 900 |
|
|
|a Science fiction
|
| 901 |
|
|
|a Jeunesse
|
| 995 |
|
|
|a Médiathèque
|c Médiathèque
|f 00156011108099
|h 00156011108099
|k E CAN SF
|o p
|q j
|r az
|e Médiathèque
|